000 00702nam a22002297a 4500
005 20170124110011.0
010 _aA-317385
020 _c120.00
_a8185119341
035 _aA-317385
037 _bCen Lib/ Ret
040 _aDPL
_bEN
082 _a370
_bMEH
100 _aMehdi, Baqer
_917799
245 _aTowards a learning society /
_cby Baqer Mehdi
260 _a New Delhi
_bNorthen book center
_c1987
270 _a4221/1,Ansari Road Darya Ganj
_b New Delhi
_e110002
300 _ax,216p.
_c21cm(Hb)
500 _aIncludes bibliographical reference and index
650 _aEducation, Higher
_98924
650 _aVocational education
_97658
942 _2ddc
_cEN
_h370
_mMEH
999 _c126543
_d126543